Normal view
MARC view
- Wujek, Joseph B
Entry Personal Name
001 - CONTROL NUMBER
- control field: 120603
003 - CONTROL NUMBER IDENTIFIER
- control field: NUST
005 - DATE AND TIME OF LATEST TRANSACTION
- control field: 20240216091135.0
008 - FIXED-LENGTH DATA ELEMENTS
- fixed length control field: 240216|| aca||aabn | a|a d
040 ## - CATALOGING SOURCE
- Original cataloging agency: NUST
- Transcribing agency: NUST
100 ## - HEADING--PERSONAL NAME
- Personal name: Wujek, Joseph B
670 ## - SOURCE DATA FOUND
- Source citation: Work cat.: (NUST): Wujek, Joseph B., Mechanical and electrical systems in architecture, engineering, and construction /, c2010.
